El Laberinto de la hispanidad / (Record no. 5719)

MARC details
000 -LEADER
campo de control de longitud fija 00896nam a2200277 i 4500
001 - NÚMERO DE CONTROL
campo de control 5719
003 - IDENTIFICADOR DE NÚMERO DE CONTROL
campo de control ES-MaACL
005 - FECHA Y HORA DE LA ÚLTIMA TRANSACCIÓN
campo de control 20250722063139.0
007 - CAMPO FIJO DE DESCRIPCIÓN FÍSICA--INFORMACIÓN GENERAL
campo de control de longitud fija t|
008 - DATOS DE LONGITUD FIJA--INFORMACIÓN GENERAL
campo de control de longitud fija 890516s1987 sp ||||0| spa d
020 ## - NÚMERO INTERNACIONAL ESTÁNDAR DEL LIBRO
Número Internacional Estándar del Libro 84-320-7539-6
080 ## - NÚMERO DE LA CLASIFICACIÓN DECIMAL UNIVERSAL
Número de la Clasificación Decimal Universal 9(7/8)"15/19"
100 1# - ENTRADA PRINCIPAL--NOMBRE DE PERSONA
Nombre de persona Rubert de Ventós, Xavier,
Fechas asociadas al nombre 1939-
9 (RLIN) 100297
245 13 - MENCIÓN DEL TÍTULO
Título El Laberinto de la hispanidad /
Mención de responsabilidad, etc. Xavier Rubert de Ventos.
250 ## - MENCION DE EDICION
Mención de edición 1a ed.
260 ## - PUBLICACIÓN, DISTRIBUCIÓN, ETC.
Lugar de publicación, distribución, etc. Barcelona :
Nombre del editor, distribuidor, etc. Planeta,
Fecha de publicación, distribución, etc. 1987.
300 ## - DESCRIPCIÓN FÍSICA
Extensión 217 p. :
Otras características físicas il. ;
Dimensiones 24 cm.
490 1# - MENCIÓN DE SERIE
Mención de serie Espejo de España. Serie Los españoles ;
Designación de volumen o secuencia 130
500 ## - NOTA GENERAL
Nota general Apendices.
500 ## - NOTA GENERAL
Nota general Indice onomastico.
500 ## - NOTA GENERAL
Nota general Premio Espejo de España 1987.
651 #4 - PUNTO DE ACCESO ADICIONAL DE MATERIA--NOMBRE GEOGRÁFICO
Nombre geográfico América española-
Subdivisión general Colonización.
9 (RLIN) 7721
830 0# - PUNTO DE ACCESO ADICIONAL DE SERIE-TÍTULO UNIFORME
Título uniforme Espejo de España. Serie Los españoles ;
Designación de volumen o secuencia 130
9 (RLIN) 178159
852 ## - LOCALIZACIÓN
Ubicación ES-MaACL
Número de control de estantería L-12704
Sublocalización o colección R.115224
Nota libre . - rust.
Holdings
Estatus retirado Estado de pérdida Estado de daño No para préstamo Biblioteca de origen Biblioteca actual Ubicación en estantería Fecha de adquisición Fuente de adquisición Total de préstamos Signatura topográfica completa Código de barras Visto por última vez Precio de reemplazo Tipo de ítem Koha
        Biblioteca del Ateneo de Madrid Biblioteca del Ateneo de Madrid Depósito 2 17/01/2008     L-12704 1005800 23/02/2023 23/02/2023 Libro impreso